|
|
|
|
| LEADER |
00000nam0a2200000 4500 |
| 001 |
346363 |
| 005 |
20231102005858.0 |
| 010 |
|
|
|a 9667047172
|
| 035 |
|
|
|a (RuTPU)RU\TPU\book\378243
|
| 090 |
|
|
|a 346363
|
| 100 |
|
|
|a 20210823d2006 b y0rusy50 ca
|
| 101 |
0 |
|
|a rus
|
| 102 |
|
|
|a RU
|
| 105 |
|
|
|a a z 000ay
|
| 200 |
1 |
|
|a Пёсик и его лунные друзья
|f Г. Химич
|
| 205 |
|
|
|a 2-е изд.
|
| 210 |
|
|
|a Москва
|c А-БА-БА-ГА-ЛА-МА-ГА
|d 2006
|
| 215 |
|
|
|a 23 с.
|c ил.
|
| 225 |
1 |
|
|a Малышам от 2 до 102
|
| 330 |
|
|
|a Четверо друзей — Пёсик, Котик, Петух и Кролик — строят настоящий звездолёт и отправляются в путешествие на Луну, Однако не все...
|
| 606 |
1 |
|
|a Русская литература современная
|2 stltpush
|3 (RuTPU)RU\TPU\subj\26373
|9 50316
|
| 610 |
1 |
|
|a художественная литература
|
| 610 |
1 |
|
|a детская литература
|
| 610 |
1 |
|
|a рассказы
|
| 675 |
|
|
|a Р2
|v 4
|
| 700 |
|
1 |
|a Химич
|b Г.
|g Георгий
|
| 801 |
|
1 |
|a RU
|b 63413507
|c 20210823
|
| 801 |
|
2 |
|a RU
|b 63413507
|c 20210927
|g RCR
|
| 942 |
|
|
|c BK
|